LEADER 01127nam0 22002771i 450 001 UON00093457 005 20231205102521.620 010 $a31-10-14651-7 100 $a20020107d1995 |0itac50 ba 101 $aeng 102 $aDE 105 $a|||| ||||| 200 1 $aEarly civilization and literacy in Europe$ean inquiry into cultural continuity in the Mediterranean world$fHarald Haarmann 210 $aBerlino$aNew York$cMouton de Gruyter$d1995 207 p.$cill. ; 23 cm. 410 1$1001UON00037027$12001 $aApproaches to Semiotics$v124 620 $aUS$dNew York$3UONL000050 620 $aDE$dBerlin$3UONL003157 686 $aGLOTTOLOGIA$2A 700 1$aHAARMANN$bHarald$3UONV055881$0153574 712 $aMouton de Gruyter$3UONV256891$4650 801 $aIT$bSOL$c20240220$gRICA 899 $aSIBA - SISTEMA BIBLIOTECARIO DI ATENEO$2UONSI 912 $aUON00093457 950 $aSIBA - SISTEMA BIBLIOTECARIO DI ATENEO$dSI GLOTT A 6 III 017 $eSI MC 20784 7 017 996 $aEarly civilization and literacy in Europe$91305380 997 $aUNIOR